000 00619nam a2200181 i 4500
001 113736
003 ES-MaACL
005 20230906190007.0
007 t|
008 061121s1928 sp |||| | spa d
100 1 _aNoguera López, Julio.
_985877
245 1 0 _aPedagogía de anormales
_b: responsabilidades individuales y colectivas determinadas por la fichas del archivo paidológico /
_cJulio Noguera López.
260 _aReus :
_b[s.n.],
_c1928 (
_fTip. Catalonya)
300 _a144 p. ;
_c24 cm.
500 _aRevista de Puericultura.
650 0 4 _aDeficiencia mental.
_911548
852 _aES-MaACL
_j1726-F-11
999 _c113736
_d113736